| 000 | 03023nam a22003614a 4500 | ||
|---|---|---|---|
| 005 | 20080729164931.0 | ||
| 008 | 080416s2008 waua 001 0 eng | ||
| 010 | _aB-278388-396 | ||
| 020 |
_a9788179927106 _c125.00 |
||
| 035 | _aB-278388-396 | ||
| 037 | _aAakar Books/1-125/10.6.08/63/16.5.08/11.7.08/ | ||
| 040 |
_aDPL _bEnglish |
||
| 082 | _a641.6521 | ||
| 100 | _aAmrita S. Priya | ||
| 245 |
_a100 ways to cook potatoes / _cby Amrita S. Priya |
||
| 246 | _aOne hundred ways to cook potatoes | ||
| 260 |
_aMumbai _bJaico Publishing House _c2007 |
||
| 270 |
_a121 Mahatma Gandhi Road, _bMumbai _e400001 |
||
| 300 |
_aviii, 103p. _c18cm (pbk) |
||
| 942 |
_2ddc _cEN _mAMR _h641.6521 |
||
| 999 |
_c17486 _d17486 |
||